"Biz"liğin aynasından yansıyanlar : (Record no. 13205)

MARC details
000 -BAŞLIK
Sabit Uzunlukta Kontrol Alanı 00966nam a2200265 4500
999 ## - SİSTEM KONTROL NUMARALARI (KOHA)
Koha Biblionumber 13205
Koha Biblioitemnumber 13205
003 - KONTROL NUMARASI IDENTIFIER
Denetim Alanı MIRAKIL
005 - SON İŞLEM TARİHİ VE ZAMANI
Denetim Alanı 20190429140014.0
008 - SABİT-BOY VERİ ELEMANLARI - GENEL BİLGİLER
Sabit Uzunlukta Kontrol Alanı 190429b tu ||||| |||| 00| 0 tur d
020 ## - ULUSLARARASI STANDART KİTAP NUMARASI
Uluslararası Standart Kitap Numarası 9786053995012
040 ## - KATALOGLAMA KAYNAK
Orijinal Kataloglama Ajansı TR-AnCHP
Metne Dönüştürmek Ajansı TR-AnCHP
041 ## - DİL KODU
Metin / Ses Parça Veya Ayrı Başlığın Dil Kodu tur
082 ## - DEWEY ONLU SINIFLANDIRMA NUMARASI
Sınıflandırma Numarası 305.235
Ürün Numarası S35b 2017
100 1# - ANA GİRİŞ - KİŞİSEL İSİM
Kişisel Ad Semerci, Uyan Pınar
245 10 - BAŞLIK TABLOSU
Başlık "Biz"liğin aynasından yansıyanlar :
Başlığın Kalan Türkiye gençliğinde kimlikler ve ötekileştirme /
Sorumluluk Tablosu, Vb Pınar Uyan Semerci, Emre Erdoğan, Elif Sandal Önal.
260 ## - YAYIN, DAĞITIM, VB
Yayın, Dağıtım, Vb Yeri İstanbul :
Yayıncı, Dağıtıcı, Vs Adı İstanbul Bilgi Üniversitesi yayınları ,
Yayın, Dağıtım, Vb Tarihi 2017.
300 ## - FİZİKSEL TANIM
Kapsam xvii , 328 s.:
Diğer Fiziksel Ayrıntıları grf., tbl.;
Boyutlar 23 sm.
490 0# - SERİSİ TABLOSU
Seri Beyanı İstanbul Bilgi Üniversitesi Yayınları ;
-- Araştırma ;
Hacim / Ardışık Tanımı 612.
-- 12.
504 ## - KAYNAKÇA VB NOT
Kaynakça Vb Notu Kaynakça ve dizin vardır.
650 #0 - KONU KATMA GİRİŞ - TOPİKAL DÖNEM
9 (RLIN) 5686
Topikal Süreli Veya Coğrafi Ad Giriş Elemanı Grup kimliği
650 #0 - KONU KATMA GİRİŞ - TOPİKAL DÖNEM
9 (RLIN) 5687
Topikal Süreli Veya Coğrafi Ad Giriş Elemanı Ötekilik (felsefe)
650 #0 - KONU KATMA GİRİŞ - TOPİKAL DÖNEM
9 (RLIN) 5688
Topikal Süreli Veya Coğrafi Ad Giriş Elemanı Önyargı
Genel Alt Bölümü Türkiye
700 ## - KATMA GİRİŞ - KİŞİSEL İSİM
9 (RLIN) 5689
Kişisel Ad Erdoğan, Emre
700 ## - KATMA GİRİŞ - KİŞİSEL İSİM
9 (RLIN) 5690
Kişisel Ad Önal Elif Sandal
942 ## - EKLENDİ GİRİŞ ELEMANLARI (KOHA)
Sınıflandırma Veya Raf Düzeni Kaynak Dewey Decimal Classification
Koha Öğesi Türü Books
Holdings
Kalıcı Konum Mevcut Konum Edinme Tarihi Toplam Check-Out'Lar Tam Çağrı Numarası Barkod Tarih Son Görülme İtibaren Geçerli Fiyatlar Koha Öğesi Türü
CHP Kütüphanesi CHP Kütüphanesi 04/29/2019   305.235 S35b 2017 007708 04/29/2019 04/29/2019 Books